Vývoj obyvatelstva České republiky v roce 2005
Demografický vývoj v českej republike v roku 2005 v kontexte demografických zmien od roku 1990. Zloženie obyvateľstva podľa veku a rodinného stavu. Sobášnosť, rozvodovosť, pôrodnosť a úmrtnosť. Vnútorná migrácia. Zahraničná migrácia.
Salvato in:
| Autore principale: | |
|---|---|
| Natura: | Capitolo di libro |
| Lingua: | ceco |
| Soggetti: | |
| Tags: |
Nessun Tag, puoi essere il primo ad aggiungerne!!
|
MARC
| LEADER | 00000naa$a2200000$$$4500 | ||
|---|---|---|---|
| 001 | 0046635 | ||
| 005 | 20220715114610.7 | ||
| 041 | 0 | |a cze | |
| 044 | |a CZ | ||
| 245 | 1 | 0 | |a Vývoj obyvatelstva České republiky v roce 2005 |c Kryštof Zeman |
| 520 | |a Demografický vývoj v českej republike v roku 2005 v kontexte demografických zmien od roku 1990. Zloženie obyvateľstva podľa veku a rodinného stavu. Sobášnosť, rozvodovosť, pôrodnosť a úmrtnosť. Vnútorná migrácia. Zahraničná migrácia. | ||
| 610 | 2 | 0 | |a vývoj populačný |
| 610 | 2 | 0 | |a bilancia populačná |
| 610 | 2 | 0 | |a demografia |
| 610 | 2 | 0 | |a obyvateľstvo |
| 610 | 2 | 0 | |a Česko |
| 610 | 2 | 0 | |a vek |
| 610 | 2 | 0 | |a manželstvo |
| 610 | 2 | 0 | |a skupiny vekové |
| 610 | 2 | 0 | |a úmrtnosť |
| 610 | 2 | 0 | |a štatistika demografická |
| 610 | 2 | 0 | |a 2005 |
| 100 | 1 | |a Zeman, Kryštof | |